Southville International School and Colleges
Your cart is empty.
  • Cart
  • Lists
    Public lists Eva Luna New books Lux_list list_1
    Your lists Log in to create your own lists
  • Log in to your account
  • Your cookies
  • Search history
Southville International School and Colleges
  • Advanced search
  • Recent comments
  • Most popular
  • Libraries

Log in to your account

Log in with GOOGLE


If you do not have an external account, but do have a local account, you can still log in:

  1. Home
  2. MARC view: Biotechnology :
Normal view MARC view ISBD view

Biotechnology : (Record no. 24763)

[ view plain ]
MARC details
000 -LEADER
fixed length control field 00493nam a2200169 a 4500
005 - DATE AND TIME OF LATEST TRANSACTION
control field 20140310183539.0
008 - FIXED-LENGTH DATA ELEMENTS--GENERAL INFORMATION
fixed length control field 110818s19uu xx 00 eng d
020 ## - INTERNATIONAL STANDARD BOOK NUMBER
International Standard Book Number 9788171326129
050 ## - LIBRARY OF CONGRESS CALL NUMBER
Classification number TP 248.2
Item number .M251 2010
100 ## - MAIN ENTRY--PERSONAL NAME
Personal name Malik, C.P.
245 ## - TITLE STATEMENT
Title Biotechnology :
Remainder of title Developments and applications /
Statement of responsibility, etc C.P. Malik.
260 ## - PUBLICATION, DISTRIBUTION, ETC. (IMPRINT)
Place of publication, distribution, etc Jaipur, India :
Name of publisher, distributor, etc Pointer Publishers,
Date of publication, distribution, etc 2010.
300 ## - PHYSICAL DESCRIPTION
Extent 226 p. :
Other physical details ill. ;
Dimensions 23 cm.
650 ## - SUBJECT ADDED ENTRY--TOPICAL TERM
Topical term or geographic name as entry element Biotechnology
942 ## - ADDED ENTRY ELEMENTS (KOHA)
Koha item type Books
Source of classification or shelving scheme Library of Congress Classification
Call number prefix Foreign
Holdings
Withdrawn status Lost status Source of classification or shelving scheme Damaged status Home library Current library Shelving location Date acquired Source of acquisition Cost, normal purchase price Total Checkouts Full call number Barcode Date last seen Copy number Price effective from Koha item type
    Library of Congress Classification   College Library College Library General Circulation Section 08/18/2011 Donation 2834.00   TP 248.2 .M251 2010 C13225 05/15/2018 1 10/18/2013 Books

Biotechnology :

APA

Malik C., . (2010). Biotechnology. Jaipur, India: Pointer Publishers.

Chicago

Malik C.P, . 2010. Biotechnology. Jaipur, India: Pointer Publishers.

Harvard

Malik C., . (2010). Biotechnology. Jaipur, India: Pointer Publishers.

MLA

Malik C.P, . Biotechnology. Jaipur, India: Pointer Publishers. 2010.

  • Place hold
  • Print
  • Cite
  • Add to your cart (remove)
  • Save record
    BIBTEX Dublin Core MARCXML MARC (non-Unicode/MARC-8) MARC (Unicode/UTF-8) MARC (Unicode/UTF-8, Standard) MODS (XML) RIS
  • More searches
    Search for this title in:
    Other Libraries (WorldCat) Other Databases (Google Scholar) Online Stores (Bookfinder.com) Open Library (openlibrary.org)

Exporting to Dublin Core...

SOUTHVILLE LIBRARY

Southville International School and Colleges Library

1281 Tropical Ave. Cor. Luxembourg St., BF Homes International, Las Pinas City

Tel. No. 8256374 / 252358 Loc. 117/146

Powered by Koha